Statistics for Largest Bahamian Islands (with map)

Click here to take the quiz!

General Stats

  • This quiz has been taken 99 times
  • The average score is 5 of 10

Answers on the Map

Answers color-coded by a green-red scale on the quiz's map according to % correct below.
 

Answer Stats

Islands% Correct
Grand Bahama
87%
North Andros
64%
South Andros
62%
Great Abaco
60%
Great Inagua
60%
Long Island
53%
Cat Island
51%
Eleuthera
45%
Exuma
23%
Mayaguana
19%

Score Distribution

Percentile by Number Answered

Percent of People with Each Score

Your Score History

You have not taken this quiz